000 00363nam a2200121Ia 4500
008 220620s9999||||xx |||||||||||||| ||und||
245 0 _aAdvancing Desalination
546 _aEnglish[eng]
650 _aHydrology & the hydrosphere
700 _aNing, Robert Y.
856 _uhttps://mts.intechopen.com/storage/books/3067/authors_book/authors_book.pdf
942 _cEB
999 _c34257
_d34257